| 000 | 00330nam a2200121Ia 4500 | ||
|---|---|---|---|
| 001 | 65579 | ||
| 008 | 220905n ii |||gr||||Z||||||465 | ||
| 082 | _a892.7 | ||
| 100 |
_aZaki, Ahmad Kamal , _eAuthor., |
||
| 245 | 0 |
_aDirasat fin naqdi al adabi _cAhmad Kamal Zaki _hTextual Documents |
|
| 653 | _aArabic Literature | ||
| 942 |
_2ddc _cBK |
||
| 999 |
_c66679 _d66679 |
||